书目信息 |
| 题名: |
房屋拆迁维权指南
|
|
| 作者: | 崔卓兰 主编 ;闫丽彬 编著 | |
| 分册: | ||
| 出版信息: | 长春 吉林人民出版社 2005 |
|
| 页数: | 199页 | |
| 开本: | 20cm | |
| 丛书名: | ||
| 单 册: | ||
| 中图分类: | D922.181.4 | |
| 科图分类: | ||
| 主题词: | 房屋拆迁--法规--基本知识--中国 , 房屋拆迁 | |
| 电子资源: | ||
| ISBN: | 7-206-04019-5 | |
| 000 | 00914nam0 2200265 45 | |
| 001 | 012005607023 | |
| 005 | 20070708150244.53 | |
| 010 | @a7-206-04019-5@dCNY21.20 | |
| 092 | @aCN@b471139 | |
| 100 | @a20051222d2005 em y0chiy0120 ea | |
| 101 | 0 | @achi |
| 102 | @aCN@b220000 | |
| 105 | @ay z 000yy | |
| 200 | 1 | @a房屋拆迁维权指南@Afang wu chai qian wei quan zhi nan@f主编 崔卓兰@Fzhu bian cui zhuo lan@g编著 闫丽彬@Gbian zhu yan li bin |
| 205 | @a第2版 | |
| 210 | @a长春@c吉林人民出版社@d2005 | |
| 215 | @a199页@d20cm | |
| 330 | @a本书以问答的形式就城市房屋拆迁的基础法律知识、许可、补偿安置、价格评估、行政处罚与处分纠纷及争议解决等问题进行了阐述。 | |
| 606 | 0 | @a房屋拆迁@x法规@x基本知识@y中国 |
| 606 | 0 | @a房屋拆迁 |
| 690 | @aD922.181.4@v4 | |
| 701 | 0 | @a崔卓兰@Acui zhuo lan@4主编 |
| 702 | 0 | @a闫丽彬@Ayan li bin@4编著 |
| 801 | 0 | @aCN@bLZJBOOK@c20070708 |
| 905 | @a10447@dD922.181.4@e669=2 | |
| 房屋拆迁维权指南/主编 崔卓兰/编著 闫丽彬.-第2版.-长春:吉林人民出版社,2005 |
| 199页;20cm |
| ISBN 7-206-04019-5:CNY21.20 |
| 本书以问答的形式就城市房屋拆迁的基础法律知识、许可、补偿安置、价格评估、行政处罚与处分纠纷及争议解决等问题进行了阐述。 |
| ● |
| 相关链接 |
|
|
|
|
正题名:房屋拆迁维权指南
索取号:D922.181.4/669=2
 
预约/预借
| 序号 | 登录号 | 条形码 | 馆藏地/架位号 | 状态 | 备注 |
| 1 | 0566382 | 205663824 | 第一样本阅览室/ [索取号:D922.181.4/669=2] | 在馆 | |
| 2 | 0566383 | 205663833 | 第一借阅区/ [索取号:D922.181.4/669=2] | 在馆 | |
| 3 | 0566384 | 205663842 | 第一借阅区/ [索取号:D922.181.4/669=2] | 在馆 | |
| 4 | 0566385 | 205663851 | 第一借阅区/ [索取号:D922.181.4/669=2] | 在馆 | |
| 5 | 0566386 | 205663860 | 第一借阅区/ [索取号:D922.181.4/669=2] | 在馆 |